[Event "Netanya op"]
[Site "Netanya"]
[Date "2019.06.25"]
[Round "3"]
[White "Lomakin, Vladimir"]
[Black "Sokolovsky, Yahli"]
[Result "0-1"]
[WhiteElo "1430"]
[BlackElo "2074"]
[PlyCount "76"]
[EventDate "2019.06.23"]
[EventType "swiss"]
[EventRounds "9"]
[EventCountry "ISR"]
[SourceTitle "CBM 191 Extra"]
[Source "ChessBase"]
[SourceDate "2019.09.30"]
[SourceVersion "1"]
[SourceVersionDate "2019.09.30"]
[SourceQuality "1"]

1. e4 c5 2. Nf3 d6 3. d4 cxd4 4. Nxd4 Nf6 5. Nc3 a6 6. Be2 e5 7. Nb3 Be7 8. 0-0 0-0 9. Be3 Be6 10. f4 Nc6 11. f5 Bc8 12. Rf3 Ng4 13. Bc1 Qb6+ 14. Kh1 Nf2+ 15. Rxf2 Qxf2 16. Nd5 Qa7 17. Be3 b6 18. f6 gxf6 19. Bh6 Be6 20. Qd3 Kh8 21. Bxf8 Rxf8 22. Nxe7 Nxe7 23. Qxd6 Ng6 24. Rf1 Rc8 25. c3 Nf4 26. Bd1 Qc7 27. Qxc7 Rxc7 28. g3 Nd3 29. Be2 Nxb2 30. Rc1 b5 31. Rc2 Na4 32. c4 bxc4 33. Na5 c3 34. Kg2 f5 35. Kf3 Kg7 36. Bd3 fxe4+ 37. Bxe4 f5 38. Bc6 Rxc6 0-1